000 01365nam a2200253Ia 4500
003 OSt
005 20210505183711.0
008 210310s1992 ck gr 000 0 spa d
020 _a958927207
040 _aCO-JMCR
_cCO-JMCR
041 0 _aspa
082 0 4 _a331.88098 /
_bG585r
_223
100 1 _aGodio, Julio,
_915656
_eautor
245 1 0 _aReflexiones sobre los desafíos actuales del sindicalismo :
_baportes al debate sobre política sindical /
_cJulio Godio
250 _aSegunda edición
260 _aBogotá :
_bFESCOL,
_c1992
300 _a72 páginas ;
_c21 cm.
500 _aIncluye datos biográficos del autor
505 0 _aEl mundo ha cambiado sustancialmente: percepción del sindicalismo Latinoamericano -- Sindicatos y reconversión productiva: un indicador testigo para valorar la profundidad del cambio sindical -- Desafíos y obstáculos en su conjunto: los esfuerzos por renovar las plataformas y el estilo de acción sindical -- El obstáculo principal a la renovación es interno a los sindicatos: culturas corporativo -empiristas y teoría de la correa de transmisión partidaria -- La modernización de las estructuras sindicales: objetivos fundamentales -- Conclusiones para el debate
650 1 4 _aSindicatos
_915658
650 1 4 _aSindicalistas
_937442
651 2 _aAmérica Latina
_xMovimiento laboral
_937443
942 _2ddc
_cBK
999 _c7861
_d7861